000
00346nam a2200145Ia 4500
008
151213s9999 xx 000 0 und d
100
_a
R. K. Narayan
245
_a
The Guide
_c
R. K. Narayan
260
_a
New York
_b
Penguin Books
_c
1958
300
_a
3143 p.
650
_a
English
650
_a
English
700
_a
R. K. Narayan
999
_c
2168
_d
2168